00405nam a2200169Ia 450000500170000000800410001702000140005804000190007204100120009108200160010310000170011924500250013626000340016130000120019565000180020785000100022520230320140602.0131103s9999 xx 000 0 und d a571086942 aLoreto College aEnglish a822.91bFRI aFriel, Brian aLovers cBrian Friel aLondonbFaber and Faberc1968 a252 p.  aEnglish drama aLCLIB